000
00247nam a22001217a 4500
008
170328b xxu||||| |||| 00| 0 eng d
041
_a
eng
080
_a
615.83
100
_a
8
101
_a
shm
245
_a
ENVIRONMENT
_c
COOK.S
942
_2
udc
_c
BK
999
_c
8832
_d
8832